00383pab a2200145 454500008004000000100002100040245005100061260000900112300001300121362001100134650000800145650004100153650002800194773001500222180718b2011 xxu||||| |||| 00| 0 eng d aSachar, Rajindar aIndo-Pak war of 1971: Some not-so-public facts c2011 ap.13-25. a24 Dec aWar aIndia - Foreign relations - Pakistan aInternational relations aMainstream